00485nam a2200169 4500020001800000082002100018100001200039245004300051250001200094260003500106300001000141650003400151650003000185650002600215650005900241650001500300 a9789390790050 aM 894.812bBEE/M aBeena K aMalayalam pareekshasahayi/cby Beena K a3rd ed. aKozhikode:bAtma books,c2021. a640p. aMalayalam language literature aSouth Dravidian languages aDravidian literatures aLiteratures of Altaic, Uralic, and Dravidian languages aLiterature